ARRUPE JESUIT UNIVERSITY

CORONAVIRUS -STOP THE SPREAD - CLEAN,DISINFECT,COVER

Pilgrim fellowship of faith : (Record no. 118010)

MARC details
000 -LEADER
fixed length control field 01548cam a22003737a 4500
001 - CONTROL NUMBER
control field 13748311
003 - CONTROL NUMBER IDENTIFIER
control field ARRUPE
005 - DATE AND TIME OF LATEST TRANSACTION
control field 20150225020006.0
008 - FIXED-LENGTH DATA ELEMENTS--GENERAL INFORMATION
fixed length control field 041012s2005 cau b 000 0 eng d
010 ## - LIBRARY OF CONGRESS CONTROL NUMBER
LC control number 2004114955
020 ## - INTERNATIONAL STANDARD BOOK NUMBER
International Standard Book Number 0898709636 (pbk.)
035 ## - SYSTEM CONTROL NUMBER
System control number (CStRLIN)PATGB2832304X-B
035 ## - SYSTEM CONTROL NUMBER
System control number (PPT)b2832304x
040 ## - CATALOGING SOURCE
Original cataloging agency OCO
Transcribing agency OCO
Modifying agency OCL
-- AAB
-- BAKER
-- ODC
-- PPT
-- DLC
041 1# - LANGUAGE CODE
Language code of text/sound track or separate title ger
Language code of original and/or intermediate translations of text eng
042 ## - AUTHENTICATION CODE
Authentication code lccopycat
050 00 - LIBRARY OF CONGRESS CALL NUMBER
Classification number BR50
Item number .B43513 2005
082 00 - DEWEY DECIMAL CLASSIFICATION NUMBER
Classification number 282
Edition number 22
300 ## - PHYSICAL DESCRIPTION
Dimensions 21 cm.
100 0# - MAIN ENTRY--PERSONAL NAME
Personal name Benedict
Numeration XVI,
Titles and other words associated with a name Pope,
Dates associated with a name 1927-
9 (RLIN) 1127
240 00 - UNIFORM TITLE
Uniform title <a href="Weg gemeinschaft des glaubens: Kirch als communio.">Weg gemeinschaft des glaubens: Kirch als communio.</a>
Language of a work English.
245 10 - TITLE STATEMENT
Title Pilgrim fellowship of faith :
Remainder of title the Church as communion /
Statement of responsibility, etc Joseph Cardinal Ratzinger ; edited by Stephan Otto Horn and Vinzenz Pfnür ; translated by Henry Taylor.
260 ## - PUBLICATION, DISTRIBUTION, ETC. (IMPRINT)
Place of publication, distribution, etc San Francisco, Calif. :
Name of publisher, distributor, etc Ignatius Press,
Date of publication, distribution, etc c2005.
300 ## - PHYSICAL DESCRIPTION
Extent 381 p. ;
500 ## - GENERAL NOTE
General note Title of the German original: Weg Gemeinschaft des Glaubens: Kirche als Communio. c2002 by Sankt Ulrich Verlag GmbH, Augsburg.
504 ## - BIBLIOGRAPHY, ETC. NOTE
Bibliography, etc Includes bibliographical references (p. 301-379).
650 #0 - SUBJECT ADDED ENTRY--TOPICAL TERM
Topical term or geographic name as entry element Christianity.
9 (RLIN) 1128
650 #0 - SUBJECT ADDED ENTRY--TOPICAL TERM
Topical term or geographic name as entry element Theology.
9 (RLIN) 1129
700 1# - ADDED ENTRY--PERSONAL NAME
Personal name Horn, Stephan Otto.
9 (RLIN) 1130
700 1# - ADDED ENTRY--PERSONAL NAME
Personal name Pfnür, Vinzenz.
9 (RLIN) 1131
700 1# - ADDED ENTRY--PERSONAL NAME
Personal name Taylor, Henry.
9 (RLIN) 1132
906 ## - LOCAL DATA ELEMENT F, LDF (RLIN)
a 7
b cbc
c copycat
d 2
e epcn
f 20
g y-gencatlg
942 ## - ADDED ENTRY ELEMENTS (KOHA)
Source of classification or shelving scheme Library of Congress Classification
Koha item type Monograph ( Printed materials)
Koha issues (borrowed), all copies 1
Holdings
Withdrawn status Lost status Source of classification or shelving scheme Damaged status Not for loan Home library Current library Date acquired Total Checkouts Full call number Barcode Date last seen Date checked out Price effective from Koha item type
    Library of Congress Classification     ARRUPE LIBRARY ARRUPE LIBRARY 24/09/2013 1 BR50 .B43513 2005 46411356 15/11/2016 24/02/2015 24/09/2013 Monograph ( Printed materials)

 

Arrupe Library. PO Box MP320 Mt Pleasant, Harare, Zimbabwe
263 242 745411|librarian@aju.ac.zw